00410nam a22001457a 450000500170000000800410001702200130005804100230007108200130009410000220010724500310012926000460016030000320020665000260023820240723131014.0240723b |||||||| |||| 00| 0 eng d a00382396 aEnglish/Afrikaans  a349 SOU  lEnglish/Afrikaans aSouth African Law Reports  aCape Town: bJuta and Company Ltd, c2018 bxxxix, 657 pages; c26 cm.  aLegal practice bLaw